[Event "AUT-chT2 (Women) 2122"]
[Site "Austria"]
[Date "2022.04.03"]
[Round "7.2"]
[White "Kopinits, Silvia"]
[Black "Gritsch, Borbala"]
[Result "1/2-1/2"]
[WhiteElo "1691"]
[BlackElo "1432"]
[PlyCount "106"]
[EventDate "2021.10.17"]
[EventType "team-tourn"]
[EventRounds "7"]
[EventCountry "AUT"]
[SourceTitle "EXT 2024"]
[Source "ChessBase"]
[SourceDate "2023.10.10"]
[SourceVersion "1"]
[SourceVersionDate "2023.10.10"]
[SourceQuality "1"]
[WhiteTeam "Ottakring (W)"]
[BlackTeam "Steyr (W) II"]
[WhiteTeamCountry "AUT"]
[BlackTeamCountry "AUT"]

1. d4 d5 2. Bf4 Nf6 3. h3 e6 4. Nf3 Nbd7 5. e3 c5 6. c3 Be7 7. Nbd2 0-0 8. Be2 Re8 9. 0-0 Nf8 10. a4 Ng6 11. Bh2 b6 12. Re1 Bb7 13. Bb5 Rf8 14. Ne5 a6 15. Be2 Bd6 16. Ndf3 Ne4 17. Nd3 Bxh2+ 18. Nxh2 c4 19. Nb4 Qh4 20. Rf1 Rae8 21. Nc2 a5 22. Ne1 e5 23. Nef3 Qe7 24. Nd2 exd4 25. Nxe4 Qxe4 26. Bf3 Qh4 27. Qxd4 Qxd4 28. exd4 Nf4 29. Ng4 Nd3 30. Rab1 Rc8 31. Ne3 Rfd8 32. b3 cxb3 33. Rxb3 Ba8 34. Rd1 Nf4 35. Rd2 Bc6 36. Ra3 Rb8 37. Kh2 g6 38. g3 Ne6 39. c4 Nc7 40. Ng4 Ba8 41. Ne3 dxc4 42. Bxa8 Rxa8 43. Nxc4 b5 44. axb5 Nxb5 45. Rxa5 Rxa5 46. Nxa5 Rxd4 47. Rb2 Nd6 48. Nc6 Re4 49. Kg2 Kg7 50. Rd2 Re6 51. Nd4 Rf6 52. Re2 Nf5 53. Nxf5+ Rxf5 1/2-1/2

[Event "AUT-ch U18 Girls"]
[Site "St Veit"]
[Date "2021.10.27"]
[Round "5.1"]
[White "Moerwald, Magdalena"]
[Black "Gritsch, Borbala"]
[Result "1-0"]
[WhiteElo "1855"]
[BlackElo "1432"]
[PlyCount "97"]
[EventDate "2021.10.25"]
[EventType "swiss"]
[EventRounds "7"]
[EventCountry "AUT"]
[SourceTitle "EXT 2023"]
[Source "ChessBase"]
[SourceDate "2022.10.05"]
[SourceVersion "1"]
[SourceVersionDate "2022.10.05"]
[SourceQuality "1"]

1. e4 c5 2. Nf3 Nc6 3. d4 cxd4 4. Nxd4 Nf6 5. Nc3 g6 6. Be3 Bg7 7. Bc4 0-0 8. Bb3 d6 9. f3 Bd7 10. Qd2 Nxd4 11. Bxd4 b5 12. 0-0-0 a5 13. Nd5 e6 14. Bb6 Qb8 15. Nxf6+ Bxf6 16. Bxa5 Be7 17. Bb4 Ra6 18. e5 Qa7 19. a3 Rc8 20. h4 Kg7 21. h5 Rh8 22. hxg6 fxg6 23. Bxd6 Bc8 24. Qh6+ Kg8 25. Bxe7 Qxe7 26. Qh4 Qxh4 27. Rxh4 Kf7 28. Rb4 Ra5 29. Rd6 Ke7 30. Rb6 Bd7 31. Rb7 h6 32. Rd4 Rd8 33. Rd6 b4 34. Rxe6+ Kf8 35. Rf6+ Ke8 36. Rxb4 Rxe5 37. Re4 Rxe4 38. fxe4 Bg4 39. Bd5 Bh5 40. c4 Ke7 41. Rb6 Rf8 42. Rb7+ Kd6 43. Rf7 Rb8 44. b4 Ke5 45. Kd2 Bg4 46. Ke3 Rb6 47. Re7+ Kf6 48. Rc7 Ke5 49. Rc6 1-0

[Event "AUT-ch U18 Girls Online Rapid"]
[Site "Playchess.com INT"]
[Date "2020.12.13"]
[Round "4"]
[White "Weingraber, Lena"]
[Black "Gritsch, Borbala"]
[Result "0-1"]
[WhiteElo "1496"]
[BlackElo "1518"]
[PlyCount "63"]
[EventDate "2020.12.13"]
[EventType "tourn (rapid)"]
[EventRounds "6"]
[EventCountry "AUT"]
[SourceTitle "EXT 2022"]
[Source "ChessBase"]
[SourceDate "2021.10.06"]
[SourceVersion "1"]
[SourceVersionDate "2021.10.06"]
[SourceQuality "1"]

1. c4 e5 2. g3 Nf6 3. Bg2 d5 4. cxd5 Nxd5 5. Nc3 Nb6 6. d3 Nc6 7. Nf3 Be7 8. 0-0 0-0 9. b3 f5 10. Bb2 Bf6 11. Qd2 Be6 12. Qc2 Re8 13. Rac1 Nb4 14. Qd2 Bf7 15. a3 Nc6 16. b4 e4 17. dxe4 fxe4 18. Qxd8 Raxd8 19. Ne1 Bg6 20. e3 Nc4 21. Ba1 Nd2 22. Nc2 Nxf1 23. Kxf1 Rd3 24. Ne1 Rd2 25. Nb5 Bxa1 26. Rxa1 a6 27. Nc3 Nd8 28. Rc1 Nf7 29. Nc2 Ng5 30. Nd4 Rf8 31. f3 exf3 32. Bh3 0-1

[Event "AUT-chT District U18 Online Rapid"]
[Site "Playchess.com INT"]
[Date "2020.12.12"]
[Round "8"]
[White "Gritsch, Borbala"]
[Black "Burgstaller, Bastian"]
[Result "1-0"]
[WhiteElo "1516"]
[BlackElo "1390"]
[PlyCount "149"]
[EventDate "2020.12.12"]
[EventType "team-swiss (rapid)"]
[EventRounds "9"]
[EventCountry "AUT"]
[SourceTitle "EXT 2022"]
[Source "ChessBase"]
[SourceDate "2021.10.06"]
[SourceVersion "1"]
[SourceVersionDate "2021.10.06"]
[SourceQuality "1"]

1. e4 e5 2. Nf3 Nc6 3. Bb5 a6 4. Ba4 Nf6 5. 0-0 Bc5 6. Nxe5 Nxe5 7. d4 Bxd4 8. Qxd4 Nc6 9. Bxc6 bxc6 10. Qe5+ Qe7 11. Qxe7+ Kxe7 12. Bg5 h6 13. Bxf6+ Kxf6 14. Nc3 Re8 15. Rae1 Ke7 16. f4 Kf8 17. e5 d6 18. Re2 Be6 19. Rfe1 Rad8 20. Kf2 g6 21. h3 Kg7 22. a3 Rd7 23. Ne4 Rde7 24. exd6 cxd6 25. Nxd6 Rd8 26. Ne4 Rd4 27. c3 Rd8 28. Nc5 Ree8 29. Nxe6+ fxe6 30. Rxe6 Rxe6 31. Rxe6 Rd2+ 32. Re2 Rd6 33. g3 Kf6 34. b3 Rd3 35. Re3 Rd2+ 36. Kf3 Ra2 37. a4 Ra3 38. c4 h5 39. g4 hxg4+ 40. hxg4 Kf7 41. Ke4 Kf6 42. Rf3 Kf7 43. f5 gxf5+ 44. gxf5 Kf6 45. Kf4 a5 46. Ke4 Kf7 47. Ke5 Ke7 48. f6+ Kf7 49. Kd6 Ra2 50. Kxc6 Re2 51. Kb5 Re5+ 52. c5 Kf8 53. f7 Rd5 54. b4 axb4 55. Kxb4 Rd4+ 56. Kb5 Rd5 57. a5 Rd1 58. a6 Rb1+ 59. Kc6 Ra1 60. Kb7 Rb1+ 61. Ka7 Rc1 62. Rf5 Rb1 63. Ka8 Rb2 64. a7 Rb1 65. c6 Rb2 66. Rc5 Kxf7 67. c7 Re2 68. c8Q Re8 69. Qxe8+ Kxe8 70. Kb8 Kd7 71. a8Q Kd6 72. Qc6+ Ke7 73. Rd5 Kf7 74. Rd7+ Ke8 75. Qc8# 1-0

[Event "AUT-chT District U18 Online Rapid"]
[Site "Playchess.com INT"]
[Date "2020.12.12"]
[Round "1"]
[White "Gritsch, Borbala"]
[Black "Rabitsch, David"]
[Result "1/2-1/2"]
[WhiteElo "1548"]
[BlackElo "1493"]
[PlyCount "128"]
[EventDate "2020.12.12"]
[EventType "team-swiss (rapid)"]
[EventRounds "9"]
[EventCountry "AUT"]
[SourceTitle "EXT 2022"]
[Source "ChessBase"]
[SourceDate "2021.10.06"]
[SourceVersion "1"]
[SourceVersionDate "2021.10.06"]
[SourceQuality "1"]

1. e4 e5 2. Nf3 Nc6 3. Bb5 a6 4. Ba4 Nf6 5. 0-0 b5 6. Bb3 Nxe4 7. Re1 Nc5 8. Nxe5 Nxe5 9. Rxe5+ Be7 10. Qe1 d6 11. Re3 Nxb3 12. axb3 Be6 13. d4 Bg5 14. Re2 0-0 15. Nc3 Qf6 16. d5 Bd7 17. Ne4 Qg6 18. Nxg5 h6 19. Nf3 Bh3 20. g3 Bg4 21. Nh4 Qf6 22. Re4 Bh3 23. Rf4 Rae8 24. Qd2 Qe7 25. Nf3 g5 26. Rd4 g4 27. Qd1 gxf3 28. Bxh6 Qf6 29. Bxf8 Kxf8 30. Rf4 Qxb2 31. Rb1 Qc3 32. Rxf3 Re1+ 33. Qxe1 Qxf3 34. Qf1 Bxf1 35. Rxf1 Qe2 36. h4 Qxc2 37. Kh2 Qxb3 38. g4 Qxd5 39. h5 Qg5 40. Kh3 c5 41. f4 Qh6 42. Kh4 f6 43. g5 Qh7 44. h6 Kf7 45. Kh5 Qg6+ 46. Kh4 fxg5+ 47. fxg5+ Kg8 48. Rf6 Qe4+ 49. Kh5 Qh1+ 50. Kg4 Qg2+ 51. Kh5 b4 52. g6 b3 53. h7+ Kg7 54. Rf7+ Kh8 55. Kh6 Qh3+ 56. Kg5 Qg3+ 57. Kh6 Qe3+ 58. Kh5 Qe8 59. Kh6 Qe3+ 60. Kh5 b2 61. Rf8+ Kg7 62. Rf7+ Kh8 63. Rf8+ Kg7 64. Rf7+ Kh8 1/2-1/2

[Event "AUT-ch Vor4 Internet"]
[Site "Playchess.com INT"]
[Date "2020.04.25"]
[Round "3"]
[White "Gritsch, Borbala"]
[Black "Charaus, Florian"]
[Result "0-1"]
[WhiteElo "1282"]
[BlackElo "2055"]
[PlyCount "38"]
[EventDate "2020.04.25"]
[EventType "swiss (blitz)"]
[EventRounds "9"]
[EventCountry "AUT"]
[SourceTitle "EXT 2021"]
[Source "ChessBase"]
[SourceDate "2020.10.23"]
[SourceVersion "1"]
[SourceVersionDate "2020.10.23"]
[SourceQuality "1"]

1. e4 c6 2. d4 d5 3. exd5 cxd5 4. c4 Nf6 5. Nc3 Nc6 6. Be3 Bf5 7. Nf3 e6 8. Be2 Bb4 9. 0-0 0-0 10. a3 Be7 11. c5 Re8 12. b4 a6 13. a4 Nxb4 14. Qb3 a5 15. Nb5 Bf8 16. Bd2 Nc6 17. Nc3 Qc7 18. Nh4 Nxd4 19. Qb5 Nxb5 0-1